Statistics for The Muppet Movies

Click here to take the quiz!

General Stats

  • This quiz has been taken 194 times
    (151 since last reset)
  • The average score is 6 of 8

Answer Stats

YearAnswer% Correct
2011The Muppets
92%
1979The Muppet Movie
85%
2014Muppets Most Wanted
80%
1984The Muppets Take Manhattan
78%
1992The Muppet Christmas Carol
76%
1996Muppet Treasure Island
75%
1999Muppets from Space
68%
1981The Great Muppet Caper
66%

Score Distribution

Percentile by Number Answered

Percent of People with Each Score

Your Score History

You have not taken this quiz since the last reset